000 00927nam a2200313Ia 4500
001 Para_5581
003 CHAP
008 220125s1998 xx 000 0 und d
010 _a204048
040 _cCHAP
082 _aPA 630 H3
100 _aHardaker, J. Brian
_952628
245 _aCoping with risk in agriculture /
_c by J. Brian Hardaker, Ruud B.M. Huirne and Jock R. Anderson
250 _areimp., corr.
260 _aOxon :
_b CABI Publishing
300 _a274
650 _aAgricultura
_x métodos estadísticos
_91745
650 _aAgricultura
_x planeación
_9137222
650 _aAgricultura
_x simulación, métodos de
_9170080
700 _aAnderson, Jock R.
_95590
700 _aHuirne, Ruud B.M.
_9170081
901 _aPA 630 H3
902 _aA
905 _a0000001998 an 0000000000 00
910 _a1998
942 _cPARA
942 _cPARA
_d1
999 _c204048
_d204048